000 00363nam a2200121Ia 4500
008 250110s9999 xx 000 0 und d
041 _aeng
100 _aShubhangi
_9182365
245 _aLandscape Character Analysis Of Coastal Landforms Along River Aare
260 _bM Arch Landscape, Pune
_c2012
300 _a110p
700 _aGuide Name:Madkaikar Ajit
_9210035
999 _c363228
_d363228